| 000 | 00520 a2200169 4500 | ||
|---|---|---|---|
| 001 | 066579 | ||
| 003 | OSt | ||
| 005 | 20211004102002.0 | ||
| 008 | |||
| 082 |
_a305.5688095 _bH21D |
||
| 100 | 1 | _aHardtmann, Eva Maria | |
| 245 | 1 |
_aThe dalit movement in India _cby Eva Maria Hardtmann |
|
| 260 |
_aNew Delhi _bOxford University Press _c2010 |
||
| 300 | _a263p. | ||
| 690 | _aIndia; Dalits--Political activity; Dalits--Religion; Dalits--Social conditions; Great Britain | ||
| 942 |
_2ddc _cBK |
||
| 999 |
_c623 _d623 |
||